[Event "SVK-ch Open 2018"]
[Site "Banska Stiavnica"]
[Date "2018.07.15"]
[Round "9"]
[White "Gelle, Istvan"]
[Black "Nogrady, Vilmos"]
[Result "1/2-1/2"]
[WhiteElo "2344"]
[BlackElo "2154"]
[Annotator "NA"]
[PlyCount "117"]
[EventDate "2018.07.07"]
[EventType "swiss"]
[EventCountry "SVK"]
[SourceTitle "playchess.com"]
[Source "ChessBase"]
[SourceQuality "1"]
[TimeControl "40/5400+30:1800+30"]

1. d4 {[%emt 0:00:00]} Nf6 {[%emt 0:01:11]} 2. Bf4 {[%emt 0:00:00]} d5 {[%emt 0:00:19]} 3. e3 {[%emt 0:00:00]} c5 {[%emt 0:00:38]} 4. c3 {[%emt 0:00:00]} Qb6 {[%emt 0:02:14]} 5. Qb3 {[%emt 0:00:07] D00: 1 d4 d5: Unusual lines} c4 {[%emt 0:37:06]} 6. Qxb6 {[%emt 0:05:21] a} axb6 {[%emt 0:00:10]} 7. Nd2 {[%emt 0:00:15]} b5 {[%emt 0:09:02]} 8. a3 {[%emt 0:00:59]} Nc6 {[%emt 0:02:16]} 9. Rc1 {[%emt 0:01:24]} Nh5 $146 {[%emt 0:05:36]} ({Predecessor:} 9... Bf5 10. Be2 e6 11. Ngf3 h6 12. h3 Be7 {½-½ (31) Kosic,D (2511)-Halkias,S (2584) Hungary 2009}) 10. Bg5 {[%emt 0:03:43]} h6 {[%emt 0:02:53]} 11. Bh4 {[%emt 0:00:07]} g5 {[%emt 0:00:27]} 12. Be2 {[%emt 0:00:10]} Ng7 {[%emt 0:00:05]} 13. Bg3 {[%emt 0:00:49]} f5 {[%emt 0:11:48]} 14. h4 {[%emt 0:02:48]} g4 {[%emt 0:01:09]} 15. h5 {[%emt 0:01:25]} Be6 {[%emt 0:15:46]} 16. f3 {[%emt 0:01:34]} gxf3 {[%emt 0:00:52]} 17. Bxf3 {[%emt 0:08:50]} Bf7 {[%emt 0:00:12]} 18. Ne2 {[%emt 0:03:44]} e6 {[%emt 0:00:18]} 19. Bf4 {[%emt 0:04:10]} Kd7 {[%emt 0:01:20]} 20. Kf2 {[%emt 0:06:18]} Bd6 {[%emt 0:01:33]} 21. Rcg1 {[%emt 0:01:53]} Bxf4 {[%emt 0:00:49]} 22. exf4 {[%emt 0:01:17]} Rhg8 {[%emt 0:01:21]} 23. g4 {[%emt 0:09:09]} fxg4 {[%emt 0:00:22]} 24. Bxg4 {[%emt 0:00:08]} Ne8 {[%emt 0:01:34]} 25. Bf3 {[%emt 0:13:30]} Nf6 {[%emt 0:01:00]} 26. Rxg8 {[%emt 0:06:50]} Rxg8 {[%emt 0:00:01]} 27. Ng3 {[%emt 0:01:02]} Ne7 {[%emt 0:00:18]} 28. Re1 {[%emt 0:05:43]} Nf5 {[%emt 0:01:23]} 29. Nxf5 {[%emt 0:02:34]} exf5 {[%emt 0:00:01]} 30. Re5 {[%emt 0:01:22]} Be6 {[%emt 0:00:18]} 31. Nf1 {[%emt 0:00:45]} Ng4+ {[%emt 0:00:40]} 32. Bxg4 {[%emt 0:00:38]} Rxg4 {[%emt 0:00:04]} 33. Kf3 {[%emt 0:01:06]} Rh4 {[%emt 0:00:55]} 34. Ng3 {[%emt 0:02:50]} Rh3 {[%emt 0:02:03]} 35. Re1 {[%emt 0:04:40]} Rh4 {[%emt 0:00:25]} 36. Rh1 {[%emt 0:04:08]} Rxh1 {[%emt 0:00:01]} 37. Nxh1 {[%emt 0:00:17]} Kc6 {[%emt 0:00:34]} 38. Ke3 {[%emt 0:02:09]} Kb6 {[%emt 0:00:21]} 39. Kd2 {[%emt 0:02:22]} Ka5 {[%emt 0:00:34]} 40. Kc1 {[%emt 0:02:05]} Bf7 {[%emt 0:00:45]} 41. Ng3 {[%emt 0:30:15]} Be6 {[%emt 0:30:19]} 42. b4+ {[%emt 0:02:46]} Kb6 {[%emt 0:00:50]} 43. Nf1 {[%emt 0:00:00]} Kc7 {[%emt 0:00:00]} 44. Kb2 {[%emt 0:00:00]} Kc6 {[%emt 0:00:00]} 45. Ne3 {[%emt 0:00:00]} Kb6 {[%emt 0:00:00]} 46. Kc1 {[%emt 0:00:00]} Kc6 {[%emt 0:00:00]} 47. Kd2 {[%emt 0:00:00]} Kd6 {[%emt 0:00:00]} 48. Ke2 {[%emt 0:00:00]} Bd7 {[%emt 0:00:00]} 49. Kf3 {[%emt 0:00:00]} Ke6 $11 {[%emt 0:00:00]} 50. Kg3 {[%emt 0:00:10]} Kd6 {[%emt 0:00:00]} 51. Kh4 {[%emt 0:00:13]} Be6 {[%emt 0:00:00]} 52. Nf1 {[%emt 0:01:48]} Ke7 {[%emt 0:00:00]} 53. Nd2 {[%emt 0:00:32]} Kd6 {[%emt 0:00:00]} 54. Nf3 {[%emt 0:00:23]} Ke7 {[%emt 0:00:00]} 55. Ne5 {[%emt 0:00:10]} Kd6 {[%emt 0:01:15]} 56. Kg3 {[%emt 0:00:55]} Ke7 {[%emt 0:00:56]} 57. Kf2 {[%emt 0:00:13]} Bf7 {[%emt 0:01:22]} 58. Nxf7 {[%emt 0:00:16]} Kxf7 {[%emt 0:00:01]} 59. Ke3 {[%emt 0:00:27]} 1/2-1/2

[Event "SVK-ch Open 2018"]
[Site "Banska Stiavnica"]
[Date "2018.07.15"]
[Round "9"]
[White "Polyik, Peter"]
[Black "Balogh, Peter"]
[Result "1/2-1/2"]
[WhiteElo "2311"]
[BlackElo "2097"]
[Annotator "NA"]
[PlyCount "34"]
[EventDate "2018.07.07"]
[EventType "swiss"]
[EventCountry "SVK"]
[SourceTitle "playchess.com"]
[Source "ChessBase"]
[SourceQuality "1"]
[TimeControl "40/5400+30:1800+30"]

1. d4 {[%emt 0:00:00]} Nf6 {[%emt 0:06:29]} 2. c4 {[%emt 0:00:00]} e5 {[%emt 0:00:16]} 3. dxe5 {[%emt 0:00:00]} Ng4 {[%emt 0:00:06]} 4. Bf4 {[%emt 0:00:13]} g5 {[%emt 0:00:10]} 5. Bg3 {[%emt 0:00:12]} Bg7 {[%emt 0:00:08]} 6. Nf3 {[%emt 0:02:12]} Nc6 {[%emt 0:00:07]} 7. Nc3 {[%emt 0:01:06]} Ngxe5 {[%emt 0:00:38]} 8. Nxe5 {[%emt 0:00:10]} Nxe5 {[%emt 0:00:06]} 9. e3 {[%emt 0:00:29]} d6 {[%emt 0:00:18]} 10. h4 {[%emt 0:06:43]} g4 {[%emt 0:01:03]} 11. Be2 {[%emt 0:11:27]} h5 {[%emt 0:00:09]} 12. Qb3 {[%emt 0:01:31]} Be6 {[%emt 0:05:47]} 13. Nd5 {[%emt 0:02:55]} c6 {[%emt 0:01:32]} 14. Nf4 {[%emt 0:00:30]} Qa5+ {[%emt 0:00:46]} 15. Kf1 {[%emt 0:00:13]} O-O-O {[%emt 0:00:25]} 16. Nxe6 {[%emt 0:15:45]} fxe6 {[%emt 0:00:55]} 17. Qc2 {[%emt 0:00:26]} Rdf8 {[%emt 0:04:24]} 1/2-1/2

[Event "SVK-ch Open 2018"]
[Site "Banska Stiavnica"]
[Date "2018.07.15"]
[Round "9"]
[White "Urhegyi, Marton"]
[Black "Pniaczek, Marek"]
[Result "0-1"]
[WhiteElo "2303"]
[BlackElo "2082"]
[Annotator "NA"]
[PlyCount "110"]
[EventDate "2018.07.07"]
[EventType "swiss"]
[EventCountry "SVK"]
[SourceTitle "playchess.com"]
[Source "ChessBase"]
[SourceQuality "1"]
[TimeControl "40/5400+30:1800+30"]

1. e4 {[%emt 0:00:00]} e5 {[%emt 0:00:00]} 2. Nf3 {[%emt 0:00:00]} Nc6 {[%emt 0:00:00]} 3. Bb5 {[%emt 0:00:14]} a6 {[%emt 0:00:00]} 4. Bxc6 {[%emt 0:00:49]} dxc6 {[%emt 0:00:00]} 5. O-O {[%emt 0:00:10]} Bd6 {[%emt 0:00:02]} 6. d4 {[%emt 0:01:01]} exd4 {[%emt 0:02:15]} 7. Qxd4 {[%emt 0:18:48]} f6 {[%emt 0:01:17]} 8. Nc3 {[%emt 0:09:45]} Qe7 {[%emt 0:06:10]} 9. Be3 {[%emt 0:04:47]} Be6 {[%emt 0:13:00]} 10. Rad1 {[%emt 0:04:56]} Qf7 {[%emt 0:07:35]} 11. Ne2 {[%emt 0:13:46]} Bg4 {[%emt 0:07:09]} 12. e5 {[%emt 0:14:10]} Bxf3 {[%emt 0:01:35]} 13. exd6 {[%emt 0:00:13]} Bxe2 {[%emt 0:05:34]} 14. Qe4+ {[%emt 0:10:35]} Ne7 {[%emt 0:06:37]} 15. dxe7 {[%emt 0:02:35]} Bxd1 {[%emt 0:04:04]} 16. Rxd1 {[%emt 0:01:44]} Qxe7 {[%emt 0:01:21]} 17. Qc4 {[%emt 0:00:50]} Rd8 {[%emt 0:01:11]} 18. Re1 {[%emt 0:04:42]} Rd5 {[%emt 0:00:44]} 19. Bd2 {[%emt 0:03:09]} Re5 {[%emt 0:00:12]} 20. Be3 {[%emt 0:00:34]} Qe6 {[%emt 0:02:06]} 21. Qb4 {[%emt 0:00:22]} b6 {[%emt 0:00:24]} 22. c4 {[%emt 0:02:05]} Kf7 {[%emt 0:00:56]} 23. c5 {[%emt 0:00:11]} bxc5 {[%emt 0:01:39]} 24. Qb7 {[%emt 0:00:14]} Qd7 {[%emt 0:05:57]} 25. Qxa6 {[%emt 0:00:30]} Rhe8 {[%emt 0:00:56]} 26. a4 {[%emt 0:00:39]} f5 {[%emt 0:00:36]} 27. a5 {[%emt 0:03:02]} Re4 {[%emt 0:01:33]} 28. Rf1 {[%emt 0:00:25]} f4 {[%emt 0:09:27]} 29. Bxc5 {[%emt 0:00:13]} f3 {[%emt 0:00:27]} 30. gxf3 {[%emt 0:01:31]} R8e5 {[%emt 0:08:20]} 31. Be3 {[%emt 0:01:22]} Ra4 {[%emt 0:00:41]} 32. Rc1 {[%emt 0:01:18]} Re6 {[%emt 0:01:16]} 33. Kf1 {[%emt 0:01:11]} c5 {[%emt 0:00:42]} 34. Qa8 {[%emt 0:00:37]} Qd3+ {[%emt 0:03:05]} 35. Kg2 {[%emt 0:00:26]} Rg6+ {[%emt 0:00:16]} 36. Kh1 {[%emt 0:00:07]} Qd6 {[%emt 0:00:50]} 37. f4 {[%emt 0:00:54]} Rxa5 {[%emt 0:01:21]} 38. Qe4 {[%emt 0:00:29]} Qc6 {[%emt 0:02:26]} 39. f3 {[%emt 0:00:13]} Qxe4 {[%emt 0:01:59]} 40. fxe4 {[%emt 0:00:05]} Rb6 {[%emt 0:00:48]} 41. b4 {[%emt 0:05:48]} Rxb4 {[%emt 0:02:04]} 42. Bd2 {[%emt 0:00:15]} Ra7 {[%emt 0:00:15]} 43. Bxb4 {[%emt 0:01:34]} cxb4 {[%emt 0:00:04]} 44. Kg2 {[%emt 0:00:20]} b3 {[%emt 0:01:24]} 45. Kf3 {[%emt 0:00:55]} b2 {[%emt 0:01:53]} 46. Rb1 {[%emt 0:00:54]} Ra3+ {[%emt 0:00:14]} 47. Kf2 {[%emt 0:05:29]} Rh3 {[%emt 0:01:05]} 48. Kg1 {[%emt 0:01:30]} Rb3 {[%emt 0:00:09]} 49. Kf1 {[%emt 0:01:00]} c5 {[%emt 0:02:29]} 50. Ke1 {[%emt 0:02:47]} c4 {[%emt 0:00:31]} 51. Kd1 {[%emt 0:00:24]} c3 {[%emt 0:00:05]} 52. Kc2 {[%emt 0:00:16]} Ra3 {[%emt 0:00:07]} 53. e5 {[%emt 0:03:51]} Ke6 {[%emt 0:00:53]} 54. h4 Ra1 {[%emt 0:00:14]} 55. h5 {[%emt 0:01:08]} h6 {[%emt 0:00:08]} 0-1

[Event "SVK-ch Open 2018"]
[Site "Banska Stiavnica"]
[Date "2018.07.15"]
[Round "9"]
[White "Petran, Peter"]
[Black "Cech, Dominik"]
[Result "1/2-1/2"]
[WhiteElo "2302"]
[BlackElo "2151"]
[Annotator "NA"]
[PlyCount "96"]
[EventDate "2018.07.07"]
[EventType "swiss"]
[EventCountry "SVK"]
[SourceTitle "playchess.com"]
[Source "ChessBase"]
[SourceQuality "1"]
[TimeControl "40/5400+30:1800+30"]

1. d4 {[%emt 0:00:34]} Nf6 {[%emt 0:02:32]} 2. c4 {[%emt 0:00:09]} g6 {[%emt 0:00:45]} 3. g3 {[%emt 0:00:13]} Bg7 {[%emt 0:00:46]} 4. Bg2 {[%emt 0:00:05]} O-O {[%emt 0:01:03]} 5. Nc3 {[%emt 0:00:05]} d6 {[%emt 0:00:48]} 6. Nf3 {[%emt 0:00:14]} Nc6 {[%emt 0:02:13]} 7. O-O {[%emt 0:00:11]} a6 {[%emt 0:00:20]} 8. Qc2 {[%emt 0:01:59]} Rb8 {[%emt 0:12:14]} 9. Rd1 {[%emt 0:04:47]} Bd7 {[%emt 0:04:55]} 10. e4 {[%emt 0:02:39]} e5 {[%emt 0:03:19]} 11. d5 {[%emt 0:01:13]} Na5 {[%emt 0:04:26]} 12. Ne2 {[%emt 0:04:41]} b5 {[%emt 0:11:47]} 13. c5 {[%emt 0:00:51]} dxc5 {[%emt 0:01:35]} 14. Nxe5 {[%emt 0:00:52]} Qe7 {[%emt 0:04:28]} 15. Nxd7 {[%emt 0:05:00]} Nxd7 {[%emt 0:05:49]} 16. f4 {[%emt 0:00:12]} c4 {[%emt 0:01:31]} 17. e5 {[%emt 0:04:58]} Qc5+ {[%emt 0:06:12]} 18. Kh1 {[%emt 0:00:40]} Nxe5 {[%emt 0:12:17]} 19. fxe5 {[%emt 0:00:27]} Bxe5 {[%emt 0:00:13]} 20. Bf4 {[%emt 0:05:39]} Rfe8 {[%emt 0:03:35]} 21. Bxe5 {[%emt 0:03:07]} Rxe5 {[%emt 0:00:20]} 22. Nf4 {[%emt 0:02:08]} Qd6 {[%emt 0:04:47]} 23. h4 {[%emt 0:03:59]} Rbe8 {[%emt 0:00:56]} 24. Kh2 {[%emt 0:00:48]} h6 {[%emt 0:06:31]} 25. Qf2 {[%emt 0:07:11]} b4 {[%emt 0:06:09]} 26. Rf1 {[%emt 0:01:09]} Qe7 {[%emt 0:01:21]} 27. Rad1 {[%emt 0:02:43]} Qf6 {[%emt 0:01:26]} 28. Qd2 {[%emt 0:04:57]} Qd6 {[%emt 0:00:22]} 29. Qf2 {[%emt 0:01:38]} R8e7 {[%emt 0:01:01]} 30. Rd2 {[%emt 0:06:20]} g5 {[%emt 0:00:35]} 31. hxg5 {[%emt 0:02:18]} hxg5 {[%emt 0:00:21]} 32. Ne2 {[%emt 0:01:25]} c3 {[%emt 0:00:31]} 33. Rc2 {[%emt 0:04:11]} Nc4 {[%emt 0:00:27]} 34. Rfc1 {[%emt 0:20:11]} Ne3 {[%emt 0:00:24]} 35. Kg1 {[%emt 0:00:20]} Nxc2 {[%emt 0:00:24]} 36. Rxc2 {[%emt 0:00:03]} Qg6 {[%emt 0:00:50]} 37. Nd4 {[%emt 0:00:24]} Re1+ {[%emt 0:00:27]} 38. Bf1 {[%emt 0:00:07]} Qd3 {[%emt 0:00:25]} 39. bxc3 {[%emt 0:01:22]} bxc3 {[%emt 0:00:37]} 40. Nf5 {[%emt 0:01:43]} Rxf1+ {[%emt 0:00:38]} 41. Qxf1 {[%emt 0:30:06]} Qxc2 {[%emt 0:00:54]} 42. Nxe7+ {[%emt 0:00:00]} Kf8 {[%emt 0:07:13]} 43. Qf6 {[%emt 0:00:00]} Qd1+ {[%emt 0:11:24]} 44. Kf2 {[%emt 0:00:00]} Qd2+ {[%emt 0:00:26]} 45. Kg1 {[%emt 0:00:00]} Qe1+ {[%emt 0:01:16]} 46. Kh2 {[%emt 0:00:00]} Qe2+ {[%emt 0:00:10]} 47. Kg1 {[%emt 0:00:00]} Qe1+ {[%emt 0:09:45]} 48. Kh2 {[%emt 0:00:00]} Qe2+ {[%emt 0:01:33]} 1/2-1/2

[Event "SVK-ch Open 2018"]
[Site "Banska Stiavnica"]
[Date "2018.07.15"]
[Round "9"]
[White "Stockova, Zuzana"]
[Black "Demeter, Peter"]
[Result "1-0"]
[WhiteElo "2301"]
[BlackElo "2146"]
[Annotator "NA"]
[PlyCount "105"]
[EventDate "2018.07.07"]
[EventType "swiss"]
[EventCountry "SVK"]
[SourceTitle "playchess.com"]
[Source "ChessBase"]
[SourceQuality "1"]
[TimeControl "40/5400+30:1800+30"]

1. e4 {[%emt 0:00:00]} c5 {[%emt 0:00:00]} 2. Nf3 {[%emt 0:00:00]} d6 {[%emt 0:00:00]} 3. d4 {[%emt 0:00:20]} cxd4 {[%emt 0:00:00]} 4. Nxd4 {[%emt 0:00:30]} Nf6 {[%emt 0:00:00]} 5. Nc3 {[%emt 0:00:03]} g6 {[%emt 0:00:00]} 6. Be3 {[%emt 0:00:56]} Bg7 {[%emt 0:00:05]} 7. f3 {[%emt 0:00:07]} O-O {[%emt 0:00:05]} 8. Bc4 {[%emt 0:02:25]} Nc6 {[%emt 0:00:07]} 9. Qd2 {[%emt 0:02:40]} Bd7 {[%emt 0:00:18]} 10. Bb3 {[%emt 0:00:52]} Qa5 {[%emt 0:00:19]} 11. O-O-O {[%emt 0:02:44]} Rfc8 {[%emt 0:00:17]} 12. Kb1 {[%emt 0:07:17]} Ne5 {[%emt 0:00:42]} 13. h4 {[%emt 0:02:20]} Nc4 {[%emt 0:02:10]} 14. Bxc4 {[%emt 0:04:07]} Rxc4 {[%emt 0:00:19]} 15. h5 {[%emt 0:04:40]} Rac8 {[%emt 0:09:19]} 16. hxg6 {[%emt 0:05:05]} fxg6 {[%emt 0:00:35]} 17. Nb3 {[%emt 0:01:17]} Qe5 {[%emt 0:00:55]} 18. Bd4 {[%emt 0:10:31]} Qe6 {[%emt 0:01:47]} 19. g4 {[%emt 0:04:57]} Qf7 {[%emt 0:04:27]} 20. Qh2 {[%emt 0:06:51]} b5 {[%emt 0:06:48]} 21. Rd2 {[%emt 0:02:39]} e5 {[%emt 0:09:40]} 22. Be3 {[%emt 0:04:17]} Rxc3 {[%emt 0:08:58]} 23. bxc3 {[%emt 0:00:47]} Rxc3 {[%emt 0:00:07]} 24. Bg5 {[%emt 0:02:51]} Rxf3 {[%emt 0:04:51]} 25. Bxf6 {[%emt 0:03:27]} Bxf6 {[%emt 0:03:21]} 26. Rxd6 {[%emt 0:02:24]} Bg5 {[%emt 0:01:59]} 27. Rhd1 {[%emt 0:03:19]} Bxg4 {[%emt 0:05:36]} 28. Qxe5 {[%emt 0:05:57]} Be7 {[%emt 0:08:20]} 29. Rd8+ {[%emt 0:02:34]} Bf8 {[%emt 0:00:07]} 30. Qxb5 {[%emt 0:03:18]} Rf2 {[%emt 0:00:43]} 31. R1d2 {[%emt 0:05:51]} Rxd2 {[%emt 0:02:28]} 32. Nxd2 {[%emt 0:02:45]} h5 {[%emt 0:01:26]} 33. Rb8 {[%emt 0:02:43]} Be6 {[%emt 0:01:13]} 34. Rb7 {[%emt 0:02:55]} Qf4 {[%emt 0:00:41]} 35. Qe8 {[%emt 0:01:27]} Bf7 {[%emt 0:03:17]} 36. Qd7 {[%emt 0:00:26]} Qf2 {[%emt 0:02:23]} 37. c3 {[%emt 0:00:44]} Bg7 {[%emt 0:02:04]} 38. Kc2 {[%emt 0:00:40]} Qf6 {[%emt 0:00:34]} 39. Qc7 {[%emt 0:01:48]} Bxa2 {[%emt 0:01:06]} 40. Rxa7 {[%emt 0:00:31]} Be6 {[%emt 0:00:18]} 41. Rb7 {[%emt 0:30:45]} h4 {[%emt 0:34:32]} 42. Rb1 {[%emt 0:00:00]} g5 {[%emt 0:00:00]} 43. Rf1 {[%emt 0:00:00]} Qg6 {[%emt 0:00:00]} 44. Kb2 {[%emt 0:00:00]} Qe8 {[%emt 0:00:00]} 45. Qc5 {[%emt 0:00:00]} g4 {[%emt 0:00:00]} 46. Ra1 {[%emt 0:00:00]} h3 {[%emt 0:00:00]} 47. Qc7 {[%emt 0:00:00]} Qb5+ {[%emt 0:00:00]} 48. Kc2 {[%emt 0:00:00]} Qe5 {[%emt 0:00:00]} 49. Qd8+ {[%emt 0:00:09]} Kh7 {[%emt 0:00:00]} 50. Ra5 {[%emt 0:00:15]} Qxc3+ {[%emt 0:00:00]} 51. Kd1 {[%emt 0:00:01]} Qf6 {[%emt 0:00:00]} 52. Rh5+ {[%emt 0:01:37]} Bh6 53. Qxf6 1-0

[Event "SVK-ch Open 2018"]
[Site "Banska Stiavnica"]
[Date "2018.07.15"]
[Round "9"]
[White "Chmiel, Marcin"]
[Black "Ferkova, Dominika"]
[Result "1/2-1/2"]
[WhiteElo "2249"]
[BlackElo "2053"]
[Annotator "NA"]
[PlyCount "71"]
[EventDate "2018.07.07"]
[EventType "swiss"]
[EventCountry "SVK"]
[SourceTitle "playchess.com"]
[Source "ChessBase"]
[SourceQuality "1"]
[TimeControl "40/5400+30:1800+30"]

1. e4 {[%emt 0:00:00]} c6 {[%emt 0:01:39]} 2. d4 {[%emt 0:00:00]} d5 {[%emt 0:00:09]} 3. Nd2 {[%emt 0:00:00]} dxe4 {[%emt 0:00:04]} 4. Nxe4 {[%emt 0:00:06]} Bf5 {[%emt 0:00:04]} 5. Ng3 {[%emt 0:00:14]} Bg6 {[%emt 0:00:06]} 6. h4 {[%emt 0:00:10]} h6 {[%emt 0:00:06]} 7. Nf3 {[%emt 0:00:08]} Nd7 {[%emt 0:00:08]} 8. h5 {[%emt 0:00:08]} Bh7 {[%emt 0:00:03]} 9. Bd3 {[%emt 0:00:11]} Bxd3 {[%emt 0:00:06]} 10. Qxd3 {[%emt 0:00:10]} e6 {[%emt 0:00:04]} 11. Bd2 {[%emt 0:00:12]} Ngf6 {[%emt 0:00:16]} 12. O-O-O {[%emt 0:00:12]} Be7 {[%emt 0:01:20]} 13. Ne4 {[%emt 0:00:33]} Nxe4 {[%emt 0:00:12]} 14. Qxe4 {[%emt 0:00:09]} Nf6 {[%emt 0:00:04]} 15. Qe2 {[%emt 0:00:13]} Qd5 {[%emt 0:01:56]} 16. c4 {[%emt 0:00:17]} Qe4 {[%emt 0:00:07]} 17. Qxe4 {[%emt 0:00:12]} Nxe4 {[%emt 0:00:04]} 18. Be3 {[%emt 0:00:12]} O-O {[%emt 0:04:35]} 19. Ne5 {[%emt 0:00:26]} Rfd8 {[%emt 0:05:16]} 20. g4 {[%emt 0:00:56]} c5 {[%emt 0:05:24]} 21. dxc5 {[%emt 0:03:19]} Bxc5 {[%emt 0:04:33]} 22. Bxc5 {[%emt 0:00:24]} Nxc5 {[%emt 0:00:07]} 23. Kc2 {[%emt 0:04:41]} Kf8 {[%emt 0:17:25]} 24. b4 {[%emt 0:02:57]} Ne4 {[%emt 0:04:06]} 25. f3 {[%emt 0:01:00]} Nf6 {[%emt 0:01:27]} 26. Rxd8+ {[%emt 0:14:20]} Rxd8 {[%emt 0:00:14]} 27. Rd1 {[%emt 0:00:21]} Rxd1 {[%emt 0:00:28]} 28. Kxd1 {[%emt 0:00:02]} Ke7 {[%emt 0:00:39]} 29. Kd2 {[%emt 0:00:17]} Nd7 {[%emt 0:04:14]} 30. f4 {[%emt 0:10:17]} Nxe5 {[%emt 0:08:54]} 31. fxe5 {[%emt 0:00:02]} f6 {[%emt 0:00:27]} 32. Ke3 {[%emt 0:02:13]} Kd7 {[%emt 0:00:18]} 33. Kd4 {[%emt 0:03:23]} b6 {[%emt 0:12:13]} 34. a4 {[%emt 0:09:01]} a6 {[%emt 0:00:45]} 35. b5 {[%emt 0:15:49]} axb5 {[%emt 0:00:34]} 36. axb5 {[%emt 0:02:08]} 1/2-1/2

[Event "SVK-ch Open 2018"]
[Site "Banska Stiavnica"]
[Date "2018.07.15"]
[Round "9"]
[White "Ruckschloss, Karol"]
[Black "Talla, Vladimir"]
[Result "0-1"]
[WhiteElo "2245"]
[BlackElo "2402"]
[Annotator "NA"]
[PlyCount "70"]
[EventDate "2018.07.07"]
[EventType "swiss"]
[EventCountry "SVK"]
[SourceTitle "playchess.com"]
[Source "ChessBase"]
[SourceQuality "1"]
[TimeControl "40/5400+30:1800+30"]

1. c4 {[%emt 0:00:00]} e5 {[%emt 0:07:09]} 2. Nc3 {[%emt 0:00:00]} Nf6 {[%emt 0:00:22]} 3. g3 {[%emt 0:02:33]} d5 {[%emt 0:00:05]} 4. cxd5 {[%emt 0:00:08]} Nxd5 {[%emt 0:00:07]} 5. Bg2 {[%emt 0:00:03]} Nb6 {[%emt 0:00:04]} 6. Nf3 {[%emt 0:00:15]} Nc6 {[%emt 0:00:08]} 7. b3 {[%emt 0:00:56]} Be7 {[%emt 0:00:27]} 8. Bb2 {[%emt 0:00:10]} O-O {[%emt 0:00:08]} 9. O-O {[%emt 0:00:11]} Bg4 {[%emt 0:05:32]} 10. Rc1 {[%emt 0:05:43]} Qd7 {[%emt 0:01:11]} 11. Ne4 {[%emt 0:05:52]} f6 {[%emt 0:19:12]} 12. d3 {[%emt 0:10:09]} a5 {[%emt 0:06:14]} 13. Qc2 {[%emt 0:06:38]} a4 {[%emt 0:02:32]} 14. Nc5 {[%emt 0:02:06]} Bxc5 {[%emt 0:00:14]} 15. Qxc5 {[%emt 0:00:03]} axb3 {[%emt 0:01:45]} 16. axb3 {[%emt 0:00:02]} Ra2 {[%emt 0:01:12]} 17. Rc2 {[%emt 0:03:27]} Qd6 {[%emt 0:06:46]} 18. Rb1 {[%emt 0:04:15]} Rfa8 {[%emt 0:04:55]} 19. h3 {[%emt 0:02:12]} Bh5 {[%emt 0:07:14]} 20. g4 {[%emt 0:04:48]} Bf7 {[%emt 0:08:38]} 21. Nd2 {[%emt 0:01:53]} Nd5 {[%emt 0:01:55]} 22. Ne4 {[%emt 0:03:45]} Qd8 {[%emt 0:05:00]} 23. Rd2 {[%emt 0:07:47]} Nf4 {[%emt 0:01:51]} 24. Bf1 {[%emt 0:04:05]} Bxb3 {[%emt 0:06:11]} 25. Bc3 {[%emt 0:18:01]} Ne6 {[%emt 0:03:17]} 26. Qe3 {[%emt 0:00:36]} Ncd4 {[%emt 0:00:22]} 27. Bxd4 {[%emt 0:03:30]} exd4 {[%emt 0:03:23]} 28. Qf3 {[%emt 0:00:25]} Bd5 {[%emt 0:00:24]} 29. Rxa2 {[%emt 0:00:11]} Rxa2 {[%emt 0:00:06]} 30. Qf5 {[%emt 0:01:46]} b6 {[%emt 0:01:16]} 31. Bg2 {[%emt 0:00:24]} Ra5 {[%emt 0:02:32]} 32. h4 {[%emt 0:01:03]} Ba2 {[%emt 0:01:43]} 33. Rb5 {[%emt 0:00:18]} g6 {[%emt 0:02:10]} 34. Nxf6+ {[%emt 0:00:54]} Kf7 {[%emt 0:00:06]} 35. Qe5 {[%emt 0:00:50]} Rxb5 {[%emt 0:00:05]} 0-1

[Event "SVK-ch Open 2018"]
[Site "Banska Stiavnica"]
[Date "2018.07.15"]
[Round "9"]
[White "Seres, Bela"]
[Black "Chrenko, Kristian"]
[Result "1-0"]
[WhiteElo "2212"]
[BlackElo "1992"]
[Annotator "NA"]
[PlyCount "113"]
[EventDate "2018.07.07"]
[EventType "swiss"]
[EventCountry "SVK"]
[SourceTitle "playchess.com"]
[Source "ChessBase"]
[SourceQuality "1"]
[TimeControl "40/5400+30:1800+30"]

1. b3 {[%emt 0:00:00]} d5 {[%emt 0:00:15]} 2. Bb2 {[%emt 0:00:00]} Nf6 {[%emt 0:00:53]} 3. e3 {[%emt 0:00:05]} e6 {[%emt 0:00:42]} 4. f4 {[%emt 0:00:30]} c5 {[%emt 0:00:44]} 5. Nf3 {[%emt 0:00:07]} Nc6 {[%emt 0:03:08]} 6. Bb5 {[%emt 0:01:16]} Bd7 {[%emt 0:02:17]} 7. O-O {[%emt 0:01:24]} Qc7 {[%emt 0:11:19]} 8. a3 {[%emt 0:05:29]} Bd6 {[%emt 0:09:15]} 9. Nc3 {[%emt 0:06:06]} a6 {[%emt 0:05:14]} 10. Bxc6 {[%emt 0:04:43]} Bxc6 {[%emt 0:00:41]} 11. Ne2 {[%emt 0:00:16]} Qe7 {[%emt 0:04:33]} 12. Ne5 {[%emt 0:02:28]} h5 {[%emt 0:09:42]} 13. Nc1 {[%emt 0:09:47]} O-O-O {[%emt 0:03:01]} 14. Nxc6 {[%emt 0:04:45]} bxc6 {[%emt 0:00:01]} 15. Nd3 {[%emt 0:01:37]} Kb7 {[%emt 0:06:06]} 16. c4 {[%emt 0:02:30]} Bc7 {[%emt 0:01:57]} 17. b4 {[%emt 0:00:34]} Ne4 {[%emt 0:04:39]} 18. Qc2 {[%emt 0:08:04]} Ka7 {[%emt 0:05:49]} 19. Nxc5 {[%emt 0:04:44]} Nxc5 {[%emt 0:00:27]} 20. bxc5 {[%emt 0:00:02]} f6 {[%emt 0:02:59]} 21. cxd5 {[%emt 0:05:27]} exd5 {[%emt 0:00:59]} 22. Bd4 {[%emt 0:06:51]} Rb8 {[%emt 0:02:43]} 23. Rab1 {[%emt 0:02:57]} Qd7 {[%emt 0:10:19]} 24. Rb4 {[%emt 0:02:16]} Rxb4 {[%emt 0:04:15]} 25. axb4 {[%emt 0:00:23]} Rb8 {[%emt 0:00:07]} 26. Bc3 {[%emt 0:03:48]} f5 {[%emt 0:02:34]} 27. Ra1 {[%emt 0:00:23]} Rb5 {[%emt 0:02:44]} 28. Qa4 {[%emt 0:03:08]} a5 {[%emt 0:02:10]} 29. bxa5 {[%emt 0:00:20]} Ka6 {[%emt 0:02:05]} 30. Qd4 {[%emt 0:05:14]} g6 {[%emt 0:00:30]} 31. Qh8 {[%emt 0:03:05]} Rb8 {[%emt 0:02:45]} 32. Qf6 {[%emt 0:01:48]} Qe8 {[%emt 0:00:25]} 33. Be5 {[%emt 0:01:30]} Bd8 {[%emt 0:00:29]} 34. Qd6 {[%emt 0:02:19]} Rb7 {[%emt 0:00:30]} 35. Bc3 {[%emt 0:04:02]} Bc7 {[%emt 0:00:31]} 36. Qf6 {[%emt 0:00:24]} Bd8 {[%emt 0:00:31]} 37. Qd4 {[%emt 0:00:14]} Rb5 {[%emt 0:00:38]} 38. Qd3 {[%emt 0:03:27]} Qe4 {[%emt 0:00:16]} 39. Qe2 {[%emt 0:01:30]} Be7 {[%emt 0:00:27]} 40. Bd4 {[%emt 0:00:31]} Qe6 {[%emt 0:00:46]} 41. Rc1 {[%emt 0:32:44]} Bd8 {[%emt 0:00:50]} 42. Be5 {[%emt 0:00:00]} Qc8 {[%emt 0:01:49]} 43. Qd3 {[%emt 0:00:00]} Ka7 {[%emt 0:01:40]} 44. a6 {[%emt 0:00:00]} Qxa6 {[%emt 0:04:33]} 45. Bc3 {[%emt 0:00:00]} Qc8 {[%emt 0:06:02]} 46. Qd4 {[%emt 0:00:00]} Qe6 {[%emt 0:02:40]} 47. Ra1+ {[%emt 0:00:00]} Kb7 {[%emt 0:01:04]} 48. Qh8 {[%emt 0:00:00]} Qe7 {[%emt 0:04:20]} 49. Be5 {[%emt 0:00:00]} Rxc5 {[%emt 0:01:17]} 50. Qg8 {[%emt 0:00:00]} g5 {[%emt 0:05:10]} 51. Bd4 {[%emt 0:00:00]} Ra5 {[%emt 0:00:39]} 52. Rb1+ {[%emt 0:00:00]} Kc8 {[%emt 0:01:55]} 53. fxg5 {[%emt 0:00:00]} Rb5 {[%emt 0:03:15]} 54. Rxb5 {[%emt 0:00:00]} cxb5 {[%emt 0:00:02]} 55. Qxd5 {[%emt 0:00:00]} Qxg5 {[%emt 0:00:31]} 56. Qxb5 {[%emt 0:00:00]} h4 {[%emt 0:01:34]} 57. Be5 {[%emt 0:00:00]} 1-0